000 00305nam a2200121Ia 4500
008 190216s9999||||xx |||||||||||||| ||und||
100 _aVinod A
245 0 _aMarketing Management
260 _bCalicut University Central Co-Operative
_c2002
300 _a280
650 _aMarketing Management
942 _cBK
999 _c7468
_d7468